<?xml version="1.0" encoding="UTF-8"?><?xml-stylesheet type="text/xsl" href="static/style.xsl"?><OAI-PMH xmlns="http://www.openarchives.org/OAI/2.0/" xmlns:xsi="http://www.w3.org/2001/XMLSchema-instance" xsi:schemaLocation="http://www.openarchives.org/OAI/2.0/ http://www.openarchives.org/OAI/2.0/OAI-PMH.xsd"><responseDate>2026-06-07T17:24:42Z</responseDate><request verb="GetRecord" identifier="oai:docta.ucm.es:20.500.14352/117863" metadataPrefix="marc">https://docta.ucm.es/rest/oai/request</request><GetRecord><record><header><identifier>oai:docta.ucm.es:20.500.14352/117863</identifier><datestamp>2025-03-18T14:11:05Z</datestamp><setSpec>com_20.500.14352_14</setSpec><setSpec>col_20.500.14352_15</setSpec></header><metadata><record xmlns="http://www.loc.gov/MARC21/slim" xmlns:dcterms="http://purl.org/dc/terms/" xmlns:xsi="http://www.w3.org/2001/XMLSchema-instance" xmlns:doc="http://www.lyncode.com/xoai" xsi:schemaLocation="http://www.loc.gov/MARC21/slim http://www.loc.gov/standards/marcxml/schema/MARC21slim.xsd">
   <leader>00925njm 22002777a 4500</leader>
   <datafield ind2=" " ind1=" " tag="042">
      <subfield code="a">dc</subfield>
   </datafield>
   <datafield ind2=" " ind1=" " tag="720">
      <subfield code="a">Gamero Cabrera, Isabel Gloria</subfield>
      <subfield code="e">author</subfield>
   </datafield>
   <datafield ind2=" " ind1=" " tag="260">
      <subfield code="c">2013</subfield>
   </datafield>
   <datafield ind2=" " ind1=" " tag="520">
      <subfield code="a">En este artículo se contrastará la teoría fílmica del filósofo estadounidense Stanley Cavell con aportaciones del feminismo. Para este autor existen dos tipos de películas de mujeres (las comedias de enredo matrimonial y los melodramas de la mujer desconocida) que muestran dos modos de maduración de la mujer, en el sentido del perfeccionismo moral de Emerson. Como contraste se presentarán críticas de las teóricas feministas del cine, Laura Mulvey y Tania Modleski, así como consideraciones sobre la diferencia sexual realizadas por Judith Butler y Pierre Bourdieu</subfield>
   </datafield>
   <datafield ind2=" " ind1=" " tag="520">
      <subfield code="a">In this paper Stanley Cavell’s film theory will be contrasted with some feminist theories. According to this author, there are two kinds of women films (the screwball comedy and the melodrama of the unknown woman), which show two different ways of feminine growing up, in the sense of the Emerson’s moral perfectionism. In contrast, the feminist film theories of Laura Mulvey and Tania Modleski will be referred. Also, we will examine the theories about the sexual difference established by Judith Butler and Pierre Bourdieu.</subfield>
   </datafield>
   <datafield ind1="8" ind2=" " tag="024">
      <subfield code="a">Gamero Cabrera, I.G. (2013) "Las alegres casadas y las desdichadas desconocidas. Una reflexión sobre la obra de Stanley Cavell desde el feminismo", Sesión no numerada: revista de letras y ficción audiovisual, 3, pp. 203-225.</subfield>
   </datafield>
   <datafield ind1="8" ind2=" " tag="024">
      <subfield code="a">2173-5123</subfield>
   </datafield>
   <datafield ind1="8" ind2=" " tag="024">
      <subfield code="a">https://hdl.handle.net/20.500.14352/117863</subfield>
   </datafield>
   <datafield ind1="8" ind2=" " tag="024">
      <subfield code="a">https://produccioncientifica.ucm.es/documentos/5f9e0d4029995246493cf684</subfield>
   </datafield>
   <datafield ind2="0" ind1="0" tag="245">
      <subfield code="a">Las alegres casadas y las desdichadas desconocidas. Una reflexión sobre la obra de Stanley Cavell desde el feminismo</subfield>
   </datafield>
   <datafield ind2="0" ind1="0" tag="245">
      <subfield code="a">The happy married and the unlucky unknown women. Considerations about Stanley Cavell's work from a feminist point of view</subfield>
   </datafield>
</record></metadata></record></GetRecord></OAI-PMH>